| 000 | 00857cam a2200145 4500 | ||
|---|---|---|---|
| 001 | ABS60984 | ||
| 008 | 000000n1999 000 0 eng u | ||
| 035 | _a(Sirsi) u101533 | ||
| 245 | _aMichaels and Another v Harley House (Marylebone) Ltd. | ||
| 260 | _c1999 | ||
| 490 |
_aWeekly Law Reports _v[1999] 3 WLR 229-248(20) |
||
| 520 | _aCA 6 November 1998. The landlord, H, was accused of evading duty to offer tenants, M, first refusal on the sale of a block of flats. M served a notice on H seeking information about the transfer. M did not serve a notice requiring H to sell the freehold to them. M brought an action seeking information about the transfer and a declaration that the transfer involved a 'relevant disposal'. Action was dismissed. Tenants appealed. Appeal dismissed. | ||
| 690 | _aLANDLORD AND TENANT-CASE LAW-LEASEHOLD REFORM | ||
| 942 | _n0 | ||
| 999 |
_c60665 _d60665 |
||